Statistics for Four in Four Minutes #2

Click here to take the quiz!

General Stats

  • This quiz has been taken 59 times
  • The average score is 27 of 40

Answer Stats

HintAnswer% Correct
Barack Obama
98%
Donald Trump
96%
Most recent U.S. PresidentsJoseph Biden
94%
The last 4 planets in the Solar SystemJupiter
94%
Saturn
92%
Uranus
92%
George W. Bush
90%
Largest Land MammalsElephant
86%
Neptune
86%
South Africa
86%
Lesotho
84%
Russia
84%
Canada
82%
{Zimbabwe} Africa
82%
Norway
80%
South America
78%
Most Southern African NationsEswatini
76%
{Zambia} Africa
76%
Least Populated ContinentsAntarctica
73%
North America
73%
{John F. Kennedy} Nov. 22, 1963
71%
Madagascar
67%
Oceania
67%
Most Northern Countries in the WorldDenmark
65%
Namibia
65%
Largest IslandsGreenland
63%
{Yemen} Asia
63%
Assassinated U.S. Presidents{Abraham Lincoln} April 15, 1865
61%
Giraffe
59%
Hippopotamus
59%
Rhinoceros
59%
Most Populated Cities{Tokyo} 37,393,000
57%
Last 4 countries in alphabetical order{Vietnam} Asia
55%
{Shanghai} 27,058,000
51%
{Delhi} 30,291,000
47%
{James Garfield} Sept. 19, 1881
29%
{William McKinley} Sept. 14, 1901
27%
Borneo
20%
New Guinea
14%
{São Paulo} 22,043,000
10%

Score Distribution

Percentile by Number Answered

Percent of People with Each Score

Your Score History

You have not taken this quiz